Регионална библиотека "Любен Каравелов" - Русе

Музика (Запис номер 167741)

MARC детайли
000 -Лидер
Контролно поле с фиксирана дължина 01538nam a2200349 c 4500
003 - Код на организацията, давaща контролен номер
Контролно поле BLK
005 - Дата и час на последна редакция
Контролно поле 20210203082108.0
008 - Елементи от данни с фиксирана дължина
fixed length control field 180411b bul|||||r ||||||| ||bul||
010 ## - Наследен системен номер
LC control number KNG00175571000
020 ## - Международен стандартен номер на книга ISBN
Международен стандартен номер на книга ISBN 954-01-0438-6
040 ## - Източник на каталожния запис
Идентификатор на билиотеката - собственик на записа BLK
041 ## - Код за език
Код за езика на текст/звукозапис или на отделно заглавие Български
Код за езика КДБФ Български
080 ## - УДК
Текстов определител УДК Методика по музика. Музика - учебни предмети
УДК код - определител по УДК 372.878
УДК определител (075.2)
УДК - код + определител 372.878(075.2)
100 1# - Редна дума - Автор
Автор Заякова, Евгения Андреева
Авторска отговорност първи автор
R(LIN) 374041
139 ## - Редно поле
Редна дума Заякова, Евгения Андреева и др.
Авторски знак Зая - З 45
245 10 - Сведения за заглавието
Заглавие Музика
Подзаглавни данни Учебник за І кл. на СОУ
Редно поле (дума) Евгения Андреева Заякова; съавт. Светла Стефанова Кръстева.
257 ## - Страна на издаване
Страна на създаване/издаване България
260 ## - Област на издателските данни
Име на издателя, разпространителя и проч. Просвета
Година на издаване 1993
Печатница Русе : Дунав прес
Място на издаване, разпространение и проч. София
300 ## - Физическа характеристика
Страници 60 с.
Илюстрации и др. с цв. ил., 2 л. цв. ил.
Размери/Мащаб 26 см
380 ## - Жанр
Жанр Обществени науки
500 ## - Общи забележки
Забележка Офс. изд. - 70 200 тир., доп. тир. 1994, 1995.
650 #4 - Допълнително описание по предмет – тема
Основно описание – тема или топоним Музика - учебници за основни училища
9 (RLIN) 246578
653 ## - Ключова дума – ненормативна
Ключова дума музика
653 ## - Ключова дума – ненормативна
Ключова дума І кл.
653 ## - Ключова дума – ненормативна
Ключова дума учебници за основни училища
700 1# - Други автори (авторска отговорност)
Лично име Кръстева, Светла Стефанова
Автороска отговорност (Описва отношението между автора и произведението) съавт.
9 (RLIN) 368026
852 ## - Местоположение
Форматна сигнатура Цб ІІ 8159
Фондова буква Хранилище
856 4# - Електронен адрес и достъп
Електронен формат pdf - файл
856 4# - Електронен адрес и достъп
Електронен формат pdf - файл
999 ## - СИСТЕМНИ КОНТРОЛНИ НОМЕРА
Koha biblionumber 167741
Koha biblioitemnumber 167741
942 ## - АРТИКУЛИ
Вид на библиотечния материал Книги
Скрит в OPAC Не
Периодичен библиозапис Да
944 ## - СЪЗДАВАНЕ И РЕДАКЦИЯ на ЗАПИСА
Създаване/Редакция Създаване
Дата на регистрацията/редакция 20.05.2015
Статус, дата на статуса ф /
Служител, извършил регистрацията/редакцията Людмила_Стоянова
944 ## - СЪЗДАВАНЕ И РЕДАКЦИЯ на ЗАПИСА
Създаване/Редакция Редакция
Дата на регистрацията/редакция 21.08.2015
Статус, дата на статуса ф /
Служител, извършил регистрацията/редакцията Людмила_Стоянова
999 ## - СИСТЕМНИ КОНТРОЛНИ НОМЕРА
Koha biblioitemnumber 167741
Наличности
Код за отписване Код за изгубен артикул Източник на класификационната схема Код за повреда Коз за рестрикции Код за отдаване Артикулен № Име на библиотеката - собственик Име на библиотеката, в която се намира в момента Статус (Текущо местоположение) Дата на вписване в системата Местоположение - отдел Цена в лева Инвентарен номер Систематично азбучна сигнатура Баркод Номер на екземпляра Цена в евро Служебна бележка Служебен тип на артикула
  Не е изгубен Universal Decimal Classification Не е повреден само за читалня ползва се в читалня 282646 Регионална библиотека "Любен Каравелов" Русе Регионална библиотека "Любен Каравелов" Русе Хранилище 1993-01-01 Хранилище 0.38 585063 Цб ІІ 8159 120000585063 1 0.19 Дост: Dp Вид: Д N: стар фонд Дата: 01.01.1993 Книги
  Не е изгубен Universal Decimal Classification Не е повреден без рестрикции заемане за дома 282647 Регионална библиотека "Любен Каравелов" Русе Регионална библиотека "Любен Каравелов" Русе Детски отдел 1993-01-01 Детски отдел 0.56 604459 ДН 373.3.016/З 45 120000604459 2 0.29 Дост: Pk Вид: Ф N: стар фонд Дата: 01.01.1993 Дата инв: 21.08.2015 Бележки инв: Д2015 Книги
Изтеглен Не е изгубен Universal Decimal Classification Не е повреден без рестрикции заемане за дома 282648 Регионална библиотека "Любен Каравелов" Русе Регионална библиотека "Любен Каравелов" Русе Детски отдел 1993-01-01 Детски отдел 0.58 613871 ДН 372.8/З 45 613871 3 0.30 Дост: Pk Вид: Ф N: стар фонд Дата: 01.01.1993 Дата инв: 24.08.2015 Бележки инв: Д2015 Книги
Vip Innovations Ltd, Rousse, Bulgaria 2025